Space Invaders Pixel Art #2 - Mort subite - Statistiques

Statistiques générales
  • Ce quiz a été pris 1 132 fois
  • Le résultat moyen est 20 sur 36
Answers on the Grid
Answers color-coded by a green-red scale on the quiz's grid according to % correct below.
 
Statistiques - réponses
Réponse % Correct
71%
67%
63%
62%
61%
61%
61%
60%
60%
59%
58%
58%
58%
58%
57%
57%
57%
56%
56%
55%
55%
55%
54%
54%
53%
53%
53%
53%
52%
51%
51%
50%
49%
47%
45%
45%
Aucun quiz correspondant
Distribution des résultats
% des personnes avec chaque résultat
Percentile par nombre de réponses
Votre historique - résultats
Vous n’avez pas pris ce quiz